000
00279nam a22001217a 4500
041
_a
ENG
100
_a
Amarnath .J.S
245
_a
Agri Business Management
260
_a
Delhi
_b
Satish Serial Publishing House
_c
2008
300
_a
395
650
_a
GAE
856
_u
Not to be Issued
999
_c
686
_d
686